MARC details
| 000 -CABECERA |
| campo de control de longitud fija |
00818nam a2200253 u 4500 |
| 005 - FECHA Y HORA DE LA ÚLTIMA TRANSACCIÓN |
| campo de control |
20240419063758.0 |
| 008 - ELEMENTOS DE LONGITUD FIJA--INFORMACIÓN GENERAL |
| campo de control de longitud fija |
190207s2008 mx r 000 0 spa d |
| 020 ## - NÚMERO INTERNACIONAL NORMALIZADO PARA LIBROS |
| Número Internacional Estándar del Libro |
9789707774377 (Oceáno México) |
| 020 ## - NÚMERO INTERNACIONAL NORMALIZADO PARA LIBROS |
| Número Internacional Estándar del Libro |
9788449437670 (Oceáno España) |
| 035 ## - NÚMERO DE CONTROL DEL SISTEMA |
| Número de control de sistema |
UPN01000228890 |
| 049 ## - COLECCIÓN |
| Colección |
I |
| 050 #4 - SIGNATURA TOPOGRÁFICA DE LA BIBLIOTECA DEL CONGRESO |
| Número de clasificación |
PZ74.3 |
| Número de documento/Ítem |
R3.32 |
| 100 1# - ASIENTO PRINCIPAL--NOMBRE PERSONAL |
| Nombre de persona |
Ramos Guzmán, María Cristina, |
| Fechas asociadas al nombre |
1952- |
| 9 (RLIN) |
33115 |
| 245 10 - MENCIÓN DE TÍTULO |
| Título |
Gato que duerme / |
| Mención de responsabilidad, etc. |
María Cristina Ramos ; il. Alain Espinosa. |
| 260 ## - PUBLICACIÓN, DISTRIBUCIÓN, ETC. |
| Lugar de publicación, distribución, etc. |
México : |
| Nombre del editor, distribuidor, etc. |
Océano, |
| Fecha de publicación, distribución, etc. |
2008. |
| 300 ## - DESCRIPCIÓN FÍSICA |
| Extensión |
[30] p. : |
| Otras características físicas |
principalmente il. col. |
| 440 #0 - MENCIÓN DE SERIE/ASIENTO SECUNDARIO--TÍTULO |
| Título |
Travesía |
| 650 #4 - ASIENTO SECUNDARIO DE MATERIA - TERMINO TEMATICO |
| Término de materia o nombre geográfico como elemento de entrada |
Rimas infantiles argentinas |
| 9 (RLIN) |
24920 |
| 650 #4 - ASIENTO SECUNDARIO DE MATERIA - TERMINO TEMATICO |
| Término de materia o nombre geográfico como elemento de entrada |
Literatura infantil argentina |
| 9 (RLIN) |
7511 |
| 650 #4 - ASIENTO SECUNDARIO DE MATERIA - TERMINO TEMATICO |
| Término de materia o nombre geográfico como elemento de entrada |
Libros y lectura para niños |
| 9 (RLIN) |
2290 |
| 700 1# - ASIENTO SECUNDARIO--NOMBRE DE PERSONAL |
| Nombre de persona |
Espinosa, Alain, |
| Término indicativo de función/relación |
il. |
| 905 ## - TIPO DE MATERIAL |
| Tipo de material |
Infantil |